Statistics for Victoria State Trivia

Click here to take the quiz!

General Stats

  • This quiz has been taken 232 times
    (192 since last reset)
  • The average score is 14 of 20

Answer Stats

ClueAnswer% Correct
State capitalMelbourne
99%
Event hosted by that city in 1956Summer Olympics
91%
Major tennis event held in that cityAustralian Open
88%
River on the NSW borderMurray River
80%
Brothers Chris, Liam and LukeHemsworth
80%
This event caused Victoria to grow
rapidly in the 1850-60s
Victorian
Gold Rush
78%
Bushranger who wore armor and
was hanged in 1880
Ned Kelly
78%
Biggest cities after the capitalGeelong
73%
Strait shared by Tasmania{Bass} Strait
72%
Biggest cities after the capitalBendigo
69%
Biggest cities after the capitalBallarat
69%
Road from Torquay to AllansfordGreat {Ocean}
69%
Soap opera set in ErinsboroughNeighbours
65%
Site of the southernmost point of
the Australian mainland
{Wilsons}
Promontory
62%
The above overlooks this bayPort Philip
61%
Part of the above in VictoriaVictorian {Alps}
52%
Machiavellian media magnateRupert Murdoch
51%
Food invented by Cyril CallisterVegemite
49%
Most common state nicknameThe {Garden} State
46%
Mountain range that covers
Victoria's coastal areas
Great Dividing
Range
44%

Score Distribution

Percentile by Number Answered

Percent of People with Each Score

Your Score History

You have not taken this quiz since the last reset